[Event "II Open Alfa Lum A"]
[Site "Cagliari ITA"]
[Date "2010.09.04"]
[Round "3"]
[White "Melis, Daniele"]
[Black "Di Pinto, Vincenzo"]
[Result "1-0"]
[WhiteElo "1455"]
[BlackElo "1567"]
[PlyCount "51"]
[EventDate "2010.09.03"]

1. e4 c5 2. Nf3 d6 3. Nc3 Nc6 4. d4 cxd4 5. Nxd4 Nf6 6. Bb5 Bd7 7. f3 e6 8. Bg5
Be7 9. Qd2 h6 10. Bh4 Nxe4 11. Bxe7 Nxd2 12. Bxd8 Nxf3+ 13. Nxf3 Rxd8 14. O-O-O
a6 15. Ba4 b5 16. Bb3 d5 17. Rhe1 O-O 18. Ne5 Nxe5 19. Rxe5 Rb8 20. a4 b4 21.
Ne2 Rb6 22. Nf4 Kh7 23. Nd3 Rc8 24. a5 Rb7 25. Ree1 Rb5 26. Ba4 1-0

[Event "II Open Alfa Lum A"]
[Site "Cagliari ITA"]
[Date "2010.09.04"]
[Round "3"]
[White "Murtas, Gianvito"]
[Black "Dessy, Eugenio"]
[Result "1/2-1/2"]
[WhiteElo "1781"]
[BlackElo "1652"]
[PlyCount "46"]
[EventDate "2010.09.03"]

1. e4 e5 2. Nc3 Nf6 3. Bc4 c6 4. d3 h6 5. f4 d5 6. exd5 cxd5 7. Bb5+ Bd7 8.
Bxd7+ Nbxd7 9. Qe2 Bd6 10. fxe5 O-O 11. Nf3 Nxe5 12. O-O Neg4 13. d4 Re8 14.
Qd3 Nh5 15. Qf5 Bxh2+ 16. Nxh2 Nxh2 17. Qxf7+ Kh8 18. Bxh6 Qh4 19. Bg5 Qxg5 20.
Rf5 Qe3+ 21. Kxh2 Qg3+ 22. Kg1 Qe3+ 23. Kh2 Qg3+ 1/2-1/2

[Event "II Open Alfa Lum A"]
[Site "Cagliari ITA"]
[Date "2010.09.04"]
[Round "3"]
[White "Nessi, Davide"]
[Black "Altea, Giovanni"]
[Result "0-1"]
[WhiteElo "1785"]
[BlackElo "1850"]
[PlyCount "50"]
[EventDate "2010.09.03"]

1. e4 c5 2. Nf3 e6 3. d4 cxd4 4. Nxd4 a6 5. Bd3 g6 6. Nc3 Bg7 7. Be3 Ne7 8. Qd2
O-O 9. O-O-O d5 10. f4 dxe4 11. Bxe4 Qc7 12. h4 h5 13. g4 e5 14. gxh5 exd4 15.
Bxd4 Bg4 16. Bxg7 Kxg7 17. h6+ Kh7 18. Rdg1 Rd8 19. Qf2 Qd7 20. h5 Bf5 21.
hxg6+ fxg6 22. Qh4 Rf8 23. Nd5 Nxd5 24. Bxd5 Qxd5 25. Re1 Nc6 0-1

[Event "II Open Alfa Lum A"]
[Site "Cagliari ITA"]
[Date "2010.09.04"]
[Round "3"]
[White "Pani, Giovanni"]
[Black "Camboni, Paolo"]
[Result "0-1"]
[WhiteElo "1434"]
[BlackElo "1898"]
[PlyCount "82"]
[EventDate "2010.09.03"]

1. e4 Nf6 2. e5 Ng8 3. d4 d6 4. f4 h5 5. Nf3 Bg4 6. Be2 Nh6 7. h3 Bf5 8. Nh4 e6
9. Nxf5 Nxf5 10. O-O dxe5 11. dxe5 Bc5+ 12. Kh2 Qh4 13. Qd3 O-O 14. Nc3 Nc6 15.
Ne4 Rfd8 16. Qf3 Ncd4 17. Qxh5 Qxh5 18. Bxh5 Nxc2 19. Nxc5 Nxa1 20. Rf2 Nd4 21.
Bd1 Nc6 22. Ba4 Nb4 23. a3 Nd3 24. Nxd3 Rxd3 25. Bd2 Nb3 26. Bc3 Nc5 27. Bc2
Rd7 28. Rf3 Rad8 29. f5 exf5 30. Bxf5 Ne6 31. Rg3 Rd1 32. Rg4 Rf1 33. Be4 c6
34. Bf3 Rd7 35. Bb4 c5 36. Bc3 Nd4 37. Be4 Ne2 38. Rxg7+ Kxg7 39. e6+ Kf8 40.
exd7 Ke7 41. Bf6+ Rxf6 0-1

[Event "II Open Alfa Lum A"]
[Site "Cagliari ITA"]
[Date "2010.09.04"]
[Round "3"]
[White "Pannella, Leopoldo"]
[Black "Pompianu, Livio"]
[Result "1/2-1/2"]
[WhiteElo "1584"]
[BlackElo "1503"]
[PlyCount "89"]
[EventDate "2010.09.03"]

1. d4 d5 2. c4 c6 3. Nc3 Nf6 4. Nf3 e6 5. Qc2 Be7 6. e3 O-O 7. Bd3 Nbd7 8. O-O
c5 9. cxd5 exd5 10. dxc5 Nxc5 11. Rd1 Nxd3 12. Qxd3 Be6 13. b3 a6 14. Bb2 Qd7
15. Ne2 Rac8 16. Nf4 h6 17. Rac1 Rfd8 18. Rxc8 Qxc8 19. Rc1 Qd7 20. Nxe6 Qxe6
21. Rc7 Rd7 22. Qc2 Qd6 23. Be5 Rxc7 24. Qxc7 Qxc7 25. Bxc7 Ne4 26. a4 Nc5 27.
Nd2 Kf8 28. Kf1 Ke8 29. Ke2 Kd7 30. Be5 f6 31. Bd4 Ke6 32. Kd1 Kf5 33. f3 Bd6
34. h4 h5 35. Bxc5 Bxc5 36. Ke2 Bb4 37. g3 Bd6 38. Kf2 Bb4 39. Ke2 Bd6 40. Nf1
b5 41. axb5 axb5 42. Kd3 Bc5 43. Nd2 g5 44. hxg5 fxg5 45. e4+ 1/2-1/2

[Event "II Open Alfa Lum A"]
[Site "Cagliari ITA"]
[Date "2010.09.04"]
[Round "3"]
[White "Puzzoni, Christian"]
[Black "Neri, Enzo"]
[Result "0-1"]
[WhiteElo "2107"]
[BlackElo "2070"]
[PlyCount "119"]
[EventDate "2010.09.03"]

1. e4 e5 2. Nf3 Nf6 3. Nc3 Bb4 4. Bc4 O-O 5. O-O d6 6. d4 exd4 7. Qxd4 Nc6 8.
Qd3 Bxc3 9. bxc3 Bg4 10. Bb3 Qe8 11. Re1 Nd7 12. Ba3 Nce5 13. Nxe5 Qxe5 14. h3
Be6 15. Qe3 Rfe8 16. Rab1 Bxb3 17. cxb3 Nf6 18. f3 d5 19. Bc5 dxe4 20. Bd4 Qe6
21. Qg5 h6 22. Qg3 c5 23. Rxe4 Qf5 24. Be5 g6 25. Bxf6 Qxf6 26. Rbe1 Rxe4 27.
fxe4 Re8 28. e5 Qf5 29. Qe3 b6 30. g4 Qg5 31. Kf2 f5 32. Qxg5 hxg5 33. gxf5
gxf5 34. h4 gxh4 35. Kf3 Kf7 36. Kf4 h3 37. Kxf5 h2 38. c4 Rh8 39. Rh1 Ke7 40.
Kg4 Ke6 41. Kf4 Rh7 42. a3 a5 43. Ke4 Rh4+ 44. Kf3 Kxe5 45. Kg2 Kd4 46. Rd1+
Kc3 47. Kh1 Kxb3 48. Rb1+ Kxa3 49. Rxb6 a4 50. Rb5 Rxc4 51. Kxh2 Rc2+ 52. Kg3
c4 53. Kf3 Rb2 54. Ra5 c3 55. Ke3 Rd2 56. Rb5 Ka2 57. Rb8 a3 58. Rb7 Rb2 59.
Ra7 c2 60. Kd2 0-1

[Event "II Open Alfa Lum A"]
[Site "Cagliari ITA"]
[Date "2010.09.04"]
[Round "3"]
[White "Sanna, Yuri"]
[Black "Mallo', Danilo"]
[Result "0-1"]
[WhiteElo "1748"]
[BlackElo "1942"]
[PlyCount "84"]
[EventDate "2010.09.03"]

1. e4 c5 2. Nf3 Nc6 3. d4 cxd4 4. Nxd4 g6 5. Be3 Bg7 6. c3 Nf6 7. Bd3 Ne5 8. f4
Nxd3+ 9. Qxd3 Ng4 10. h3 Nxe3 11. Qxe3 e5 12. Nb5 O-O 13. O-O d5 14. Rd1 exf4
15. Qc5 Qh4 16. Nc7 Bxh3 17. Qf2 Qg4 18. Nd2 d4 19. Nxa8 dxc3 20. bxc3 Bxc3 21.
Kh2 Be5 22. Nf3 Bxa1 23. Rxa1 Rxa8 24. gxh3 Qe6 25. Qd4 h6 26. e5 Rc8 27. Qxf4
Rc2+ 28. Kg3 Qb6 29. Rf1 Qb2 30. Nd2 Qxa2 31. Rf2 h5 32. Qd4 Qa3+ 33. Rf3 Qe7
34. Ne4 h4+ 35. Kf4 Rg2 36. Nf6+ Kg7 37. Ke4 b6 38. Nd5 f5+ 39. Kd3 Qa3+ 40.
Nc3 Qe7 41. Nd5 Qe6 42. Qc3 Qxd5+ 0-1

[Event "II Open Alfa Lum A"]
[Site "Cagliari ITA"]
[Date "2010.09.04"]
[Round "3"]
[White "Zuccarelli, Angelo"]
[Black "Altea, Alessandro"]
[Result "1-0"]
[WhiteElo "1905"]
[BlackElo "1789"]
[PlyCount "71"]
[EventDate "2010.09.03"]

1. e4 c5 2. Nf3 e6 3. d4 cxd4 4. Nxd4 a6 5. c4 Nf6 6. Bd3 Qc7 7. Nc3 Be7 8. O-O
O-O 9. Qe2 d6 10. Be3 Nc6 11. Nxc6 bxc6 12. f4 Rb8 13. a3 a5 14. h3 Rd8 15. Qf2
d5 16. e5 Nd7 17. Rfc1 Qb7 18. Rab1 Qb3 19. cxd5 cxd5 20. Bc2 Qb7 21. Ne2 Nb6
22. Bd3 Na4 23. Bd4 Bd7 24. Ng3 Rdc8 25. Rxc8+ Rxc8 26. Kh2 Qb3 27. Qe3 Kh8 28.
Qd2 Bd8 29. Ne2 Nc5 30. Bc2 Qb6 31. b4 axb4 32. axb4 Qa6 33. Bxc5 Qa2 34. Qd3
g6 35. Nc3 Qa3 36. Nb5 1-0

[Event "II Open Alfa Lum A"]
[Site "Cagliari ITA"]
[Date "2010.09.04"]
[Round "4"]
[White "Altea, Alessandro"]
[Black "Pompianu, Livio"]
[Result "1-0"]
[WhiteElo "1789"]
[BlackElo "1503"]
[PlyCount "89"]
[EventDate "2010.09.03"]

1. e4 e5 2. Nc3 Nf6 3. Bc4 Nc6 4. d3 Bc5 5. h3 b6 6. Nf3 Bb7 7. a3 Bd4 8. Nxd4
Nxd4 9. Be3 Qe7 10. Bxd4 exd4 11. Nb5 Qe5 12. a4 a6 13. Na3 Qa5+ 14. Ke2 O-O
15. Qd2 Qe5 16. f3 Nh5 17. Kd1 Rae8 18. h4 h6 19. c3 c5 20. Kc2 Re7 21. Rag1
Rfe8 22. g4 Nf4 23. g5 h5 24. g6 d5 25. Rg5 Qd6 26. e5 Rxe5 27. gxf7+ Kxf7 28.
Qxf4+ Kg8 29. Rxe5 Rxe5 30. Qh2 Qe6 31. Qg3 Qe7 32. Bb3 dxc3 33. Kxc3 Qf6 34.
Kd2 Qh6+ 35. f4 Rf5 36. Rf1 Qf6 37. Kc2 Kh7 38. Nb1 Bc6 39. Nd2 b5 40. axb5
axb5 41. Kc1 g6 42. Qe3 Qf8 43. Nf3 Rxf4 44. Ng5+ Kh8 45. Rxf4 1-0

[Event "II Open Alfa Lum A"]
[Site "Cagliari ITA"]
[Date "2010.09.04"]
[Round "4"]
[White "Bulleri, Valentino"]
[Black "Sanna, Yuri"]
[Result "1-0"]
[WhiteElo "1584"]
[BlackElo "1748"]
[PlyCount "97"]
[EventDate "2010.09.03"]

1. e4 c5 2. d4 cxd4 3. c3 Nf6 4. e5 Nd5 5. cxd4 Nc6 6. Nf3 d6 7. Bc4 Nb6 8. Bb3
dxe5 9. Nxe5 Nxe5 10. dxe5 Qxd1+ 11. Bxd1 g6 12. b3 Nd5 13. Bb2 Bg7 14. O-O Bd7
15. Nd2 Bc6 16. Bf3 O-O 17. Nc4 b6 18. Rfd1 Rfd8 19. Rac1 Nb4 20. Bxc6 Nxc6 21.
f4 Kf8 22. Ne3 Nb4 23. Rxd8+ Rxd8 24. Rc7 a5 25. Ba3 Bh6 26. g3 Rd2 27. Ng4 Kg7
28. Nxh6 Kxh6 29. Bxb4 axb4 30. Rxe7 Kg7 31. Rb7 Kf8 32. Rxb6 Rxa2 33. Rxb4 Rb2
34. Rb8+ Ke7 35. b4 Ke6 36. Rb5 Kd7 37. Rb6 Kc7 38. Rf6 Rxb4 39. Rxf7+ Kc6 40.
Rxh7 Kd5 41. Kg2 g5 42. Kf3 gxf4 43. gxf4 Rb3+ 44. Kg4 Ke4 45. e6 Rb8 46. e7
Rg8+ 47. Kh5 Kxf4 48. Rf7+ Ke5 49. Rf8 1-0

[Event "II Open Alfa Lum A"]
[Site "Cagliari ITA"]
[Date "2010.09.04"]
[Round "4"]
[White "Camboni, Paolo"]
[Black "Melis, Daniele"]
[Result "1-0"]
[WhiteElo "1898"]
[BlackElo "1455"]
[PlyCount "57"]
[EventDate "2010.09.03"]

1. d4 d5 2. Bg5 Nf6 3. Bxf6 exf6 4. e3 c5 5. c3 Nc6 6. Nd2 Bf5 7. Ngf3 Qb6 8.
Nh4 Be6 9. Qb1 O-O-O 10. Bd3 Re8 11. O-O g6 12. Nhf3 Bd6 13. Rd1 c4 14. Bc2 g5
15. b3 h5 16. bxc4 Qxb1 17. Raxb1 h4 18. cxd5 Bxd5 19. e4 Bxa2 20. Rb2 g4 21.
Rxa2 gxf3 22. Nxf3 a6 23. Bb3 Rh7 24. Bd5 Na7 25. Rb1 Nb5 26. Bxb7+ Kc7 27.
Bxa6 Na3 28. Rb7+ Kd8 29. c4 1-0

[Event "II Open Alfa Lum A"]
[Site "Cagliari ITA"]
[Date "2010.09.04"]
[Round "4"]
[White "Carucci, Bruno"]
[Black "Pannella, Leopoldo"]
[Result "0-1"]
[WhiteElo "1576"]
[BlackElo "1584"]
[PlyCount "156"]
[EventDate "2010.09.03"]

1. d4 Nf6 2. c4 c5 3. Nf3 e6 4. Nc3 cxd4 5. Nxd4 Nc6 6. e3 Be7 7. Bd3 d5 8. O-O
Nxd4 9. exd4 dxc4 10. Bxc4 O-O 11. Bf4 a6 12. Bd3 Bd6 13. Bg5 h6 14. Bh4 Be7
15. Bc2 Nd5 16. Bxe7 Nxe7 17. Re1 Bd7 18. Qd3 g6 19. Rad1 Bc6 20. Ne4 Nd5 21.
Bb1 Qh4 22. Nd6 Nf4 23. Qg3 Qxg3 24. hxg3 Nh5 25. Ne4 Rfd8 26. g4 Ng7 27. Re2
Ne8 28. Red2 Nc7 29. Nc3 Kg7 30. Be4 Rd7 31. Bxc6 bxc6 32. Ne4 Rad8 33. Nc5 Rd5
34. Nb3 a5 35. a4 Na6 36. f3 Rb8 37. Rd3 Rb4 38. R1d2 Rxa4 39. Kf2 Rb5 40. Ke3
Rab4 41. Rc3 Rxb3 42. Kd3 Rxc3+ 43. Kxc3 Rb4 44. b3 Kf6 45. f4 Nc7 46. Kb2 Nd5
47. g3 Ne3 48. g5+ hxg5 49. fxg5+ Kxg5 50. Rd3 Nd5 51. Ka3 f5 52. Kb2 Kf6 53.
Ka3 e5 54. dxe5+ Kxe5 55. Rd2 Rd4 56. Re2+ Re4 57. Rc2 Re3 58. Rg2 Ne7 59. g4
f4 60. Rc2 f3 61. Rc5+ Kd4 62. Rc2 Re2 63. Rc4+ Ke3 64. Rc3+ Kf2 65. Rd3 Kg2
66. Rd4 f2 67. Rf4 f1=Q 68. Rxf1 Kxf1 69. Ka4 Kg2 70. Kxa5 Rb2 71. Ka4 Rxb3 72.
Kxb3 Kg3 73. Kc3 Kxg4 74. Kd4 Kf3 75. Ke5 g5 76. Kd6 g4 77. Kxe7 g3 78. Kd6 g2
0-1

[Event "II Open Alfa Lum A"]
[Site "Cagliari ITA"]
[Date "2010.09.04"]
[Round "4"]
[White "Dessy, Eugenio"]
[Black "Rocco, Luciano"]
[Result "1-0"]
[WhiteElo "1652"]
[BlackElo "1713"]
[PlyCount "103"]
[EventDate "2010.09.03"]

1. d4 d5 2. c4 c6 3. Nf3 Nf6 4. Nc3 e6 5. Bg5 Nbd7 6. e3 Qa5 7. Qc2 Bb4 8. cxd5
Nxd5 9. Rc1 Qxa2 10. Bd3 Bxc3+ 11. bxc3 Qxc2 12. Rxc2 O-O 13. e4 N5f6 14. e5
Nd5 15. O-O a5 16. Bd2 b5 17. Ng5 g6 18. Ne4 N7b6 19. Ra1 f5 20. exf6 Nxf6 21.
Nd6 Rd8 22. Bf4 Nfd5 23. Be5 Nc7 24. Be4 Nbd5 25. c4 Nb4 26. Rb2 Bd7 27. Nb7
Rdc8 28. Nxa5 Nca6 29. cxb5 cxb5 30. Bxa8 Rxa8 31. Rbb1 Nc2 32. Nb3 Nxa1 33.
Rxa1 Bc6 34. f3 Bd5 35. Nd2 b4 36. Ne4 h5 37. Nf6+ Kf7 38. Nxd5 exd5 39. Kf2 b3
40. Rb1 Nb4 41. Rxb3 Ra2+ 42. Kg3 Nc6 43. f4 h4+ 44. Kh3 Re2 45. Rb6 Nxe5 46.
fxe5 Re3+ 47. g3 hxg3 48. hxg3 Re4 49. Rb4 g5 50. Rb7+ Ke6 51. Rb6+ Kf5 52.
Rf6# 1-0

[Event "II Open Alfa Lum A"]
[Site "Cagliari ITA"]
[Date "2010.09.04"]
[Round "4"]
[White "Di Pinto, Vincenzo"]
[Black "Masala, Diego"]
[Result "0-1"]
[WhiteElo "1567"]
[BlackElo "1857"]
[PlyCount "67"]
[EventDate "2010.09.03"]

1. d4 Nf6 2. Nf3 e6 3. Bg5 c5 4. e3 b6 5. Bd3 cxd4 6. exd4 Bb7 7. Nbd2 Be7 8.
O-O h6 9. Be3 O-O 10. c3 d6 11. Rc1 Nbd7 12. a4 Qc7 13. h3 Nd5 14. Nh2 Nxe3 15.
fxe3 Bg5 16. Qe2 Qc6 17. Be4 d5 18. Bc2 a5 19. b4 axb4 20. cxb4 Qd6 21. b5 e5
22. Ndf3 Bf6 23. Ng4 exd4 24. Qd3 Rfe8 25. Nxf6+ Nxf6 26. Nxd4 Ne4 27. Nf5 Qe5
28. Rf4 Bc8 29. Rcf1 Qc3 30. Qxd5 Bxf5 31. Rxe4 Bxe4 32. Qxf7+ Kh8 33. Bxe4
Qxe3+ 34. Kh1 0-1

[Event "II Open Alfa Lum A"]
[Site "Cagliari ITA"]
[Date "2010.09.04"]
[Round "4"]
[White "Maldarelli, Lorenzo"]
[Black "Massa, Gianluca"]
[Result "1-0"]
[WhiteElo "1806"]
[BlackElo "1691"]
[PlyCount "71"]
[EventDate "2010.09.03"]

1. d4 Nf6 2. c4 c5 3. d5 b5 4. cxb5 a6 5. bxa6 Bxa6 6. Nc3 g6 7. Nf3 Bg7 8. Nd2
O-O 9. e4 Bxf1 10. Nxf1 d6 11. Ne3 Nbd7 12. O-O Qb8 13. a4 Ne8 14. Qc2 Nc7 15.
Ra3 Na6 16. Nb5 Nb4 17. Qe2 Rc8 18. Nc4 Ne5 19. Nxe5 Bxe5 20. f4 Bg7 21. Qc4
Bd4+ 22. Kh1 Qb7 23. b3 Qd7 24. Nxd4 cxd4 25. Qxb4 Qg4 26. Qd2 Rc7 27. h3 Qd7
28. Qxd4 Rac8 29. Bb2 f6 30. e5 Rf8 31. exf6 exf6 32. b4 Rc2 33. f5 Qc8 34.
fxg6 hxg6 35. Rxf6 Rc1+ 36. Kh2 1-0

[Event "II Open Alfa Lum A"]
[Site "Cagliari ITA"]
[Date "2010.09.04"]
[Round "4"]
[White "Mallo', Danilo"]
[Black "Zuccarelli, Angelo"]
[Result "0-1"]
[WhiteElo "1942"]
[BlackElo "1905"]
[PlyCount "114"]
[EventDate "2010.09.03"]

1. d4 d5 2. c4 e6 3. Nc3 Nf6 4. Nf3 Be7 5. e3 c6 6. Qc2 Nbd7 7. Bd2 a6 8. a4 b6
9. Bd3 dxc4 10. Bxc4 Bb7 11. O-O c5 12. Ng5 Nf8 13. dxc5 Bxc5 14. e4 h6 15. Nf3
Qc7 16. Bd3 Ng6 17. Rfe1 Ng4 18. Nd1 N6e5 19. Be3 Nxf3+ 20. gxf3 Qxh2+ 21. Kf1
Qh3+ 22. Ke2 Ne5 23. Bxc5 Qxf3+ 24. Kd2 Qxd3+ 25. Qxd3 Nxd3 26. Kxd3 bxc5 27.
Kc4 Rc8 28. f3 Ke7 29. Nf2 Rhd8 30. Rad1 Rxd1 31. Rxd1 Rd8 32. Rxd8 Kxd8 33.
Kxc5 Kc7 34. f4 h5 35. b4 f5 36. e5 h4 37. Nh3 Bg2 38. Ng5 h3 39. Nxe6+ Kd7 40.
Nxg7 h2 41. e6+ Kc7 42. e7 Bc6 43. e8=Q Bxe8 44. Nxe8+ Kd8 45. Nd6 h1=Q 46. b5
Qc1+ 47. Kd5 axb5 48. axb5 Qxf4 49. b6 Kd7 50. Nc4 Qf3+ 51. Kd4 Qf4+ 52. Kd5
Qe4+ 53. Kc5 Qc6+ 54. Kd4 Ke6 55. Kd3 Kd5 56. Ne3+ Kc5 57. Ke2 f4 0-1

[Event "II Open Alfa Lum A"]
[Site "Cagliari ITA"]
[Date "2010.09.04"]
[Round "4"]
[White "Murgia, Elio"]
[Black "Puzzoni, Christian"]
[Result "0-1"]
[WhiteElo "1712"]
[BlackElo "2107"]
[PlyCount "55"]
[EventDate "2010.09.03"]

1. Nf3 Nc6 2. d4 d5 3. e3 Bg4 4. Be2 Qd6 5. Nc3 a6 6. Bd2 Nf6 7. a3 g6 8. Na4
Bg7 9. Nc5 Rb8 10. Nd3 Ne4 11. b4 O-O 12. Rc1 Rbd8 13. c4 dxc4 14. Nc5 Nxc5 15.
bxc5 Qd7 16. Bxc4 e5 17. d5 Ne7 18. e4 Kh8 19. h3 Bxf3 20. Qxf3 f5 21. g4 fxe4
22. Qxe4 Nxd5 23. Bxd5 c6 24. O-O cxd5 25. Qc2 Qc6 26. Qb3 d4 27. Qb6 Qf3 28.
Qxb7 0-1

[Event "II Open Alfa Lum A"]
[Site "Cagliari ITA"]
[Date "2010.09.04"]
[Round "4"]
[White "Murtas, Gianvito"]
[Black "Pannella, Antonello"]
[Result "1/2-1/2"]
[WhiteElo "1781"]
[BlackElo "1535"]
[PlyCount "161"]
[EventDate "2010.09.03"]

1. e4 e6 2. d4 d5 3. e5 c5 4. c3 Bd7 5. Nf3 Qb6 6. Bd3 Bb5 7. O-O Ne7 8. Bc2
Bxf1 9. Kxf1 Nbc6 10. dxc5 Qc7 11. b4 a6 12. Be3 Ng6 13. Ba4 Be7 14. Qd4 O-O
15. Bxc6 bxc6 16. h4 f6 17. h5 Nxe5 18. Bf4 Nxf3 19. Bxc7 Nxd4 20. cxd4 f5 21.
Nd2 Rf6 22. Re1 Kf7 23. Nf3 Kg8 24. Bf4 Rc8 25. Ne5 Rff8 26. Nd7 Rf7 27. Rxe6
Bf6 28. Nb6 Rcf8 29. Rxc6 Bxd4 30. Nxd5 Rd8 31. Bd6 Be5 32. Rxa6 Bxd6 33. cxd6
Rfd7 34. Ne7+ Kf7 35. Nxf5 Kf6 36. Ng3 Ke5 37. a4 Rxd6 38. Ra5+ Ke6 39. Ne4
Rd1+ 40. Ke2 Rb1 41. Rb5 Rb2+ 42. Kf3 Rb3+ 43. Kg4 Rd4 44. f3 Rdxb4 45. Rxb4
Rxb4 46. Kg5 Kf7 47. Kf5 Rxa4 48. Ng5+ Kg8 49. Ne4 Ra5+ 50. Kf4 Rxh5 51. g4 Ra5
52. Ng5 h6 53. Ne4 g5+ 54. Kg3 Ra3 55. Nd6 Kh7 56. Nf5 Kg6 57. Ne7+ Kf7 58. Nf5
Ra6 59. Kg2 Rf6 60. Ne3 Ke6 61. Nf1 Kd5 62. Ng3 Ra6 63. Nf5 Ke5 64. Kg3 Rf6 65.
Ng7 Kd4 66. Nh5 Ra6 67. Ng7 Ke3 68. Nf5+ Ke2 69. Nd4+ Kd3 70. Nf5 Rf6 71. Kf2
Kd2 72. Ng3 Re6 73. Ne4+ Kc2 74. Ng3 Kd3 75. Nf5 Kd2 76. Ng3 Ra6 77. Ne4+ Kc2
78. Ng3 Ra1 79. Nf5 Ra6 80. Ng3 Kd1 81. Ne4 1/2-1/2

[Event "II Open Alfa Lum A"]
[Site "Cagliari ITA"]
[Date "2010.09.04"]
[Round "4"]
[White "Neri, Enzo"]
[Black "Clementini, Lorenzo"]
[Result "1/2-1/2"]
[WhiteElo "2070"]
[BlackElo "2063"]
[PlyCount "50"]
[EventDate "2010.09.03"]

1. d4 Nf6 2. c4 c5 3. d5 e6 4. Nc3 exd5 5. cxd5 d6 6. e4 g6 7. Be2 Bg7 8. Be3
O-O 9. h3 Re8 10. Qc2 Na6 11. Nf3 Nb4 12. Qb1 Nxe4 13. Nxe4 Bf5 14. Nfd2 Nxd5
15. g4 Nxe3 16. fxe3 Bxe4 17. Nxe4 Qa5+ 18. Kf2 d5 19. Nc3 d4 20. exd4 Bxd4+
21. Kf1 Bxc3 22. bxc3 Qxc3 23. Rh2 Qg3 24. Rg2 Qxh3 25. Kg1 Qe3+ 1/2-1/2

[Event "II Open Alfa Lum A"]
[Site "Cagliari ITA"]
[Date "2010.09.04"]
[Round "4"]
[White "Pais, Mario"]
[Black "Pani, Giovanni"]
[Result "1-0"]
[WhiteElo "1745"]
[BlackElo "1434"]
[PlyCount "93"]
[EventDate "2010.09.03"]

1. e4 d5 2. exd5 c6 3. dxc6 e6 4. cxb7 Bxb7 5. Nf3 Nf6 6. Bb5+ Nbd7 7. Nc3 Bd6
8. d3 h6 9. O-O O-O 10. Be3 Qc7 11. h3 Rad8 12. Bxd7 Qxd7 13. Qe2 a6 14. Rad1
Qc7 15. Rfe1 Rfe8 16. Bd2 Bc6 17. Ne4 Nxe4 18. dxe4 Bb5 19. Qe3 Rc8 20. c3 e5
21. Nh4 Re6 22. b4 Qb7 23. Nf5 Bc7 24. Qg3 g6 25. Nxh6+ Kf8 26. Ng4 Ke7 27.
Qh4+ Kd7 28. Nf6+ Kc6 29. Be3 Bd8 30. Rxd8 Rxd8 31. Nd5 Ree8 32. a4 Bxa4 33.
Bc5 Bb3 34. c4 Bxc4 35. Qf6+ Re6 36. Qxd8 a5 37. Qxa5 Re8 38. Be3 Kd7 39. Nf6+
Ke7 40. Nxe8 Kxe8 41. Qxe5+ Be6 42. Qh8+ Kd7 43. Rd1+ Kc7 44. Qd8+ Kc6 45. Qd6+
Kb5 46. Qc5+ Ka6 47. Ra1+ 1-0

[Event "II Open Alfa Lum A"]
[Site "Cagliari ITA"]
[Date "2010.09.04"]
[Round "4"]
[White "Pani, Silvio"]
[Black "Nessi, Davide"]
[Result "1/2-1/2"]
[WhiteElo "1401"]
[BlackElo "1785"]
[PlyCount "120"]
[EventDate "2010.09.03"]

1. e4 e5 2. Nf3 Nc6 3. Bb5 a6 4. Ba4 Nf6 5. O-O b5 6. Bb3 Be7 7. c3 d5 8. Bc2
Nxe4 9. Re1 O-O 10. d3 Nf6 11. Nxe5 Nxe5 12. Rxe5 Bd6 13. Re1 Ng4 14. h3 Qh4
15. Qf3 Nf6 16. d4 Bd7 17. Bf5 Bxf5 18. Qxf5 Qh5 19. Qxh5 Nxh5 20. Nd2 Rfe8 21.
Nf3 Rxe1+ 22. Nxe1 Re8 23. Kf1 Kf8 24. Be3 Nf6 25. Nc2 a5 26. Rc1 h6 27. b4 a4
28. Na3 c6 29. Nc2 Nd7 30. Ne1 Nb6 31. g4 Nc4 32. Nc2 f6 33. Re1 Kf7 34. Bc1
Rxe1+ 35. Kxe1 Bc7 36. Ne3 Nd6 37. f3 g6 38. Kf2 Nb7 39. Ng2 Kg7 40. Nf4 Nd8
41. Nd3 Ne6 42. Bd2 Bd6 43. h4 h5 44. g5 f5 45. f4 Nd8 46. Kf3 Kh7 47. Ke3 Kg7
48. Kf2 Kh7 49. Kf1 Kg7 50. Kf2 Kh7 51. Kf3 Kg7 52. Be3 Kh7 53. Bd2 Kg7 54. Kf2
Kh7 55. Be3 Kg7 56. Bd2 Kh7 57. Kf3 Kg7 58. Be3 Kh7 59. Kf2 Kg7 60. Kf3 Kh7
1/2-1/2

[Event "II Open Alfa Lum A"]
[Site "Cagliari ITA"]
[Date "2010.09.04"]
[Round "4"]
[White "Saccheri, Fabio"]
[Black "Altea, Giovanni"]
[Result "1-0"]
[WhiteElo "1778"]
[BlackElo "1850"]
[PlyCount "85"]
[EventDate "2010.09.03"]

1. d4 c5 2. d5 e6 3. dxe6 fxe6 4. e4 Nc6 5. Nc3 a6 6. a4 Qc7 7. Nf3 Nf6 8. g3
Be7 9. Bc4 Bd6 10. Bg5 O-O 11. Qd2 Ne5 12. Be2 Qc6 13. Nxe5 Bxe5 14. f3 Rb8 15.
O-O b5 16. axb5 axb5 17. Bxb5 Rxb5 18. Nxb5 Qxb5 19. c3 Bb7 20. Rfd1 Bc6 21.
Ra7 Qb6 22. Rda1 Bb5 23. Be3 Bb8 24. Ra8 d6 25. b4 Qc7 26. bxc5 dxc5 27. R8a5
Rd8 28. Qf2 Rd1+ 29. Rxd1 Qxa5 30. Bxc5 Bc4 31. Bb6 Qb5 32. Rd8+ Kf7 33. Rxb8
Qb1+ 34. Kg2 Kg6 35. Bc7 Qc1 36. Be5 Nd7 37. Bf4 Qxc3 38. Rb2 Qf6 39. Qc2 Qd4
40. Rb7 e5 41. Bc1 Nf6 42. Qd2 Qc5 43. Qg5# 1-0

[Event "II Open Alfa Lum A"]
[Site "Cagliari ITA"]
[Date "2010.09.04"]
[Round "4"]
[White "Toniolo, Massimo"]
[Black "Porru, Giambattista"]
[Result "1-0"]
[WhiteElo "1760"]
[BlackElo "1518"]
[PlyCount "27"]
[EventDate "2010.09.03"]

1. e4 e5 2. Nf3 Nc6 3. Bb5 a6 4. Ba4 Nf6 5. O-O b5 6. Bb3 Bc5 7. c3 O-O 8. d4
exd4 9. cxd4 Bb6 10. Bg5 Bb7 11. e5 Re8 12. exf6 gxf6 13. Bh4 Ba5 14. Nc3 1-0

[Event "II Open Alfa Lum A"]
[Site "Cagliari ITA"]
[Date "2010.09.05"]
[Round "5"]
[White "Altea, Giovanni"]
[Black "Bulleri, Valentino"]
[Result "1-0"]
[WhiteElo "1850"]
[BlackElo "1584"]
[PlyCount "71"]
[EventDate "2010.09.03"]

1. c4 Nf6 2. Nc3 e6 3. e4 d5 4. e5 Nfd7 5. d4 dxc4 6. Bxc4 Nb6 7. Bb3 c5 8. Nf3
c4 9. Bxc4 Nxc4 10. Qa4+ Bd7 11. Qxc4 Nc6 12. O-O Rc8 13. Qe2 a6 14. Be3 b5 15.
Rfc1 Na5 16. Ne4 h6 17. Rxc8 Bxc8 18. Rc1 Nc4 19. b3 Nxe3 20. Qxe3 Bb7 21. Nc5
Bxc5 22. dxc5 Qd5 23. Qd4 Kd7 24. Qf4 Ke7 25. Qb4 Bc6 26. Qg4 Rd8 27. h3 Kf8
28. Kh2 Qd3 29. Qf4 Qe2 30. Nd4 g5 31. Nxe6+ Ke8 32. Ng7+ Kf8 33. Qf6 Qd2 34.
Ne6+ Ke8 35. Nxd8 Qxd8 36. Qxc6+ 1-0

[Event "II Open Alfa Lum A"]
[Site "Cagliari ITA"]
[Date "2010.09.05"]
[Round "5"]
[White "Clementini, Lorenzo"]
[Black "Camboni, Paolo"]
[Result "1-0"]
[WhiteElo "2063"]
[BlackElo "1898"]
[PlyCount "49"]
[EventDate "2010.09.03"]

1. d4 f5 2. Nc3 Nf6 3. Bg5 d6 4. Bxf6 exf6 5. e3 g6 6. Bc4 Bg7 7. h4 Nd7 8. h5
Nb6 9. Bd3 Kf7 10. Qf3 d5 11. Nh3 Be6 12. Nf4 Qd7 13. O-O-O Bh6 14. Rdg1 Bxf4
15. Qxf4 g5 16. Qg3 h6 17. f3 Rac8 18. Rd1 Kg7 19. Rhe1 c5 20. dxc5 Rxc5 21. e4
d4 22. exf5 dxc3 23. fxe6 cxb2+ 24. Kb1 Qa4 25. Qd6 1-0

[Event "II Open Alfa Lum A"]
[Site "Cagliari ITA"]
[Date "2010.09.05"]
[Round "5"]
[White "Maldarelli, Lorenzo"]
[Black "Pais, Mario"]
[Result "1-0"]
[WhiteElo "1806"]
[BlackElo "1745"]
[PlyCount "73"]
[EventDate "2010.09.03"]

1. d4 Nf6 2. c4 e6 3. Nf3 d5 4. Nc3 c6 5. Bg5 Be7 6. e3 Nbd7 7. Qc2 O-O 8.
O-O-O b5 9. cxb5 cxb5 10. Bxb5 a6 11. Bd3 a5 12. Kb1 Ba6 13. e4 Bxd3 14. Qxd3
dxe4 15. Nxe4 Nxe4 16. Bxe7 Qxe7 17. Qxe4 Nf6 18. Qd3 Nd5 19. h4 Rab8 20. Ne5
Qb7 21. Rd2 f6 22. Nc4 Nb4 23. Qe3 Qd5 24. Rc1 Rfc8 25. Qe2 a4 26. a3 Nc6 27.
Qf3 Qd7 28. d5 Ne5 29. Nxe5 Rxc1+ 30. Kxc1 fxe5 31. dxe6 Qxe6 32. Qd5 Rc8+ 33.
Kd1 Kf7 34. Rd3 Qxd5 35. Rxd5 Ke6 36. Ra5 Rc4 37. h5 1-0

[Event "II Open Alfa Lum A"]
[Site "Cagliari ITA"]
[Date "2010.09.05"]
[Round "5"]
[White "Masala, Diego"]
[Black "Murgia, Elio"]
[Result "1-0"]
[WhiteElo "1857"]
[BlackElo "1712"]
[PlyCount "55"]
[EventDate "2010.09.03"]

1. e4 e6 2. b3 c5 3. Bb2 Nc6 4. f4 Qc7 5. e5 d5 6. Nc3 a6 7. Nf3 Be7 8. d4 Nh6
9. Bd3 b5 10. dxc5 Bxc5 11. h3 Bb7 12. Qe2 Rd8 13. O-O-O Qa5 14. a4 bxa4 15.
Nxa4 Be7 16. Rhf1 O-O 17. g4 Nb4 18. Nd4 Nxd3+ 19. Rxd3 g6 20. f5 Bg5+ 21. Kb1
gxf5 22. gxf5 Kh8 23. fxe6 Bc8 24. exf7 Nxf7 25. e6 Kg8 26. exf7+ Rxf7 27. Rxf7
Kxf7 28. Qh5+ 1-0